00577cam a22002171 4500001001300000003000400013005001700017008004100034010001700075035002000092040001700112042001200129050002400141100003200165245003800197260004100235300002000276650002500296740001700321752002100338he 67002049 DLC20260227111451.0840703s1880 li 000 0 heb  ahe 67002049  a(OCoLC)19155286 aDLCcMHdDLC apremarc00aBM522.59b.R38 18801 aKreines, Moses,d1843-1896.10aSheʼelot u-teshuvot Ohel Mosheh. aVilna :bBi-defus Y. L. Matz,c1880. a52 p. ;c28 cm. 0aResponsay1800-1948.0 aOhel Mosheh. aLithuaniadVilna